| 000 | 00886 a2200241 4500 | ||
|---|---|---|---|
| 005 | 20081106115634.0 | ||
| 008 | 081106t xxu||||| |||| 00| 0 ur d | ||
| 010 | _aUR-7304 | ||
| 020 | _c20.00 | ||
| 035 | _aU-5860 | ||
| 037 | _bD.B.Act / Pub | ||
| 082 | _a841 | ||
| 245 | _aمنتخب نعتيں : مر تبہ درد دھلوی | ||
| 246 |
_aMuntakhib Natein: Dard Delhvi _bby Dard Delhvi |
||
| 260 |
_aدھلی _bارتقا پبليشنگ ہا ؤس _c2007 |
||
| 270 |
_a657-گلی نمبر 26 ،جعفرآبا د _bدھلی _e110053 _k9891195087 |
||
| 300 |
_a80p _b22 cm (Pbk.) |
||
| 650 | _a نعتيں ، نظميں | ||
| 650 | _aPoems | ||
| 700 | _aدرد دھلوی | ||
| 942 |
_adpl _cUR _k/ _2ddc _h841 _mن ع ت |
||
| 999 |
_c3037 _d3037 |
||